EPIC: The Musical - Lyrics Sort #28 - We'll Be Fine - Statistics

General Stats
  • This quiz has been taken 85 times
  • The average score is 21 of 28
Answer Stats
Hint Answer % Correct
Line 1 I had a friend before and he was a lot like you
100%
Line 2 I helped him fight through war, but he had his demons too
100%
Line 3 And then we grew apart, then his light went dark
97%
Line 4 And so I thought
94%
Line 9 Maybe if I helped you reach your goal
79%
Line 19 And so I think
76%
Line 12 Athena, I don't know who your friend is
76%
Line 16 Cause I got in a fight, and I didn't die!
76%
Line 13 I don't know what he's like, but
76%
Line 17 I've never felt strong before
76%
Line 6 Maybe if I hadn't missed it all
76%
Line 14 My time with you has been splendid
76%
Line 15 The best day of my life
76%
Line 18 You're my friend, I couldn't ask for more
76%
Line 11 I could sleep at night
73%
Line 8 Maybe if I help another soul
73%
Line 20 Maybe if life wasn't spent as planned
73%
Line 25 I know we'll be fine
70%
Line 10 Life could be that bright
70%
Line 7 Maybe he'd be fine, maybe we'd unwind
70%
Line 5 Maybe if I'd made a different call
70%
Line 21 Maybe it's time that you lend a hand
70%
Line 28 Thanks!
70%
Line 27 You're a good kid
70%
Line 26 I know it's light you'll find
67%
Line 23 Maybe to fall is to learn one way
67%
Line 22 I don't think he'll mind, if not his friend, then mine
64%
Line 24 Maybe it's all gonna turn out great
64%
No matching quizzes found
Score Distribution
Percent of People with Each Score
Percentile by Number Answered
Your Score History
You have not taken this quiz